Calculus. (Record no. 28158)
[ view plain ]
| 000 -LEADER | |
|---|---|
| fixed length control field | 01093nam a22003015i 4500 |
| 003 - CONTROL NUMBER IDENTIFIER | |
| control field | EG-ScBUE |
| 005 - DATE AND TIME OF LATEST TRANSACTION | |
| control field | 20200220125128.0 |
| 008 - FIXED-LENGTH DATA ELEMENTS--GENERAL INFORMATION | |
| fixed length control field | 200220t20182018enk f 001 0 eng d |
| 020 ## - INTERNATIONAL STANDARD BOOK NUMBER | |
| International Standard Book Number | 9780077166472 |
| 020 ## - INTERNATIONAL STANDARD BOOK NUMBER | |
| International Standard Book Number | 0077166477 |
| 040 ## - CATALOGING SOURCE | |
| Original cataloging agency | EG-ScBUE |
| Language of cataloging | eng |
| Description conventions | rda |
| Transcribing agency | EG-ScBUE |
| Modifying agency | EG-ScBUE |
| 082 ## - DEWEY DECIMAL CLASSIFICATION NUMBER | |
| Classification number | 515 |
| Item number | SMI |
| Edition number | 22 |
| 100 1# - MAIN ENTRY--PERSONAL NAME | |
| Personal name | Smith, Robert T. |
| Fuller form of name | (Robert Thomas), |
| Dates associated with a name | 1955- |
| Relator term | author. |
| 245 10 - TITLE STATEMENT | |
| Title | Calculus. |
| Name of part/section of a work | Early transcendental functions / |
| Statement of responsibility, etc | Robert T. Smith, Millersville University of Pennsylvania, Roland B. Minton, Roanoke College, Ziad A. T. Rafhi, Higher Colleges of Technology. |
| 250 ## - EDITION STATEMENT | |
| Edition statement | Fifth edition. |
| 264 #1 - PUBLICATION, DISTRIBUTION, ETC. (IMPRINT) | |
| Place of publication, distribution, etc | London : |
| Name of publisher, distributor, etc | McGraw-Hill Education, |
| Date of publication, distribution, etc | [2018] |
| 264 #4 - PUBLICATION, DISTRIBUTION, ETC. (IMPRINT) | |
| Date of publication, distribution, etc | c2018 |
| 300 ## - PHYSICAL DESCRIPTION | |
| Extent | 1 volume (various pagings) : |
| Other physical details | illustrations (color) ; |
| Dimensions | 28 cm |
| 336 ## - CONTENT TYPE | |
| Content type term | text |
| Content type code | txt |
| Source | rdacontent |
| 337 ## - MEDIA TYPE | |
| Media type term | unmediated |
| Media type code | n |
| Source | rdamedia |
| 338 ## - CARRIER TYPE | |
| Carrier type term | volume |
| Carrier type code | nc |
| Source | rdacarrier |
| 500 ## - GENERAL NOTE | |
| General note | Includes index. |
| 653 ## - INDEX TERM--UNCONTROLLED | |
| Arrived date list | February2020 |
| 655 ## - INDEX TERM--GENRE/FORM | |
| Form subdivision | Text book |
| 9 (RLIN) | 33728 |
| 700 1# - ADDED ENTRY--PERSONAL NAME | |
| Personal name | Minton, Roland B., |
| Dates associated with a name | 1956- |
| Relator term | author. |
| 9 (RLIN) | 27709 |
| 700 1# - ADDED ENTRY--PERSONAL NAME | |
| Personal name | Rafhi, Ziad A. T., |
| Relator term | author. |
| 942 ## - ADDED ENTRY ELEMENTS (KOHA) | |
| Source of classification or shelving scheme | Dewey Decimal Classification |
| Koha item type | Book - Borrowing |
| Withdrawn status | Lost status | Source of classification or shelving scheme | Damaged status | Not for loan | Collection code | Home library | Current library | Shelving location | Date acquired | Source of acquisition | Total Checkouts | Full call number | Barcode | Date last seen | Price effective from | Koha item type | Date checked out | Total Renewals | Checked out |
|---|---|---|---|---|---|---|---|---|---|---|---|---|---|---|---|---|---|---|---|
| Dewey Decimal Classification | Baccah | Central Library | Central Library | First floor | 20/02/2020 | Purchase | 515 SMI | 000048708 | 21/04/2026 | 20/02/2020 | NB - Book (Non borrowing) | ||||||||
| Dewey Decimal Classification | Baccah | Central Library | Central Library | First floor | 20/02/2020 | Purchase | 1 | 515 SMI | 000048709 | 15/07/2025 | 20/02/2020 | NB - Book (Non borrowing) | 24/10/2023 | ||||||
| Dewey Decimal Classification | Baccah | Central Library | Central Library | First floor | 20/02/2020 | Purchase | 5 | 515 SMI | 000048710 | 04/03/2026 | 20/02/2020 | Book - Borrowing | 10/11/2025 | 2 | |||||
| Dewey Decimal Classification | Baccah | Central Library | Central Library | First floor | 20/02/2020 | Purchase | 3 | 515 SMI | 000048711 | 17/12/2025 | 20/02/2020 | Book - Borrowing | 03/12/2025 | 18 | |||||
| Dewey Decimal Classification | Baccah | Central Library | Central Library | First floor | 20/02/2020 | Purchase | 4 | 515 SMI | 000048712 | 05/03/2026 | 20/02/2020 | Book - Borrowing | 05/03/2026 | 26 | 21/05/2026 |